Sports Quiz

Random Sports or Football Quiz

DeKalb County (Alabama) Football Quiz Stats

 Plays Quiz not verified by Sporcle

Score 0/81 Timer 05:00
0 Plays Today
% Correct
Red & White
76.8%
Red & White
76.8%
Tiger Stadium
66.1%
2A Region 6
64.3%
2A Region 6
64.3%
2A Region 6
64.3%
Navy Blue & White
64.3%
3A Region 7
62.5%
3A Region 7
62.5%
3A Region 7
62.5%
Black & Gold
62.5%
Black & Gold
62.5%
Old Gold & Black
62.5%
Purple & White
60.7%
Purple & Gold
60.7%
12
60.7%
12
60.7%
12
60.7%
12
60.7%
Green & Gold
58.9%
5A Region 7
57.1%
6A Region 7
57.1%
Panthers
57.1%
Wildcat Stadium
57.1%
Bears
57.1%
Lions
55.4%
Tigers
55.4%
% Correct
1A Region 6
53.6%
15
53.6%
14
53.6%
Crossville Memorial Stadium
51.8%
Crossville
51.8%
Crossville
51.8%
13
51.8%
Geraldine
50%
Geraldine
50%
11
50%
Wildcats
48.2%
Red Devils
48.2%
Plainview Stadium
48.2%
Plainview
48.2%
15
48.2%
Hornets
46.4%
Fyffe
46.4%
Bulldogs
44.6%
Ram Stadium
44.6%
Rams
41.1%
Sylvania
41.1%
Collinsville
37.5%
101 (2000s)
26.8%
1947
25%
Paul Benefield
25%
1920
23.2%
1933
23.2%
% Correct
1925
23.2%
Dustin Goodwin
23.2%
1922
21.4%
1923
21.4%
1926
19.6%
1957
19.6%
Paul Ellis
19.6%
54 (1980s)
17.9%
1948
16.1%
57 (1970s & 1990s)
16.1%
84 (1980s)
16.1%
68 (2000s)
16.1%
72 (1990s)
16.1%
63 (2000s)
14.3%
104 (1990s)
14.3%
55 (1970s)
14.3%
Long-Ridgeway Stadium
12.5%
Ernie Willingham
12.5%
Brad Waldrop
12.5%
Albertville
12.5%
Coolidge-Isbell Field
10.7%
Brent Tinker
8.9%
Sam Graham
7.1%
Cagle Civitan Stadium
5.4%
Wayne C. Hardiman Stadium
5.4%
Matt Putnam
5.4%
Brian Clowdis
3.6%

You're not logged in!

Compare scores with friends on all Sporcle quizzes.
OR
Log In

Show Comments

Extras

Top Quizzes Today


Score Distribution

Your Account Isn't Verified!

In order to create a playlist on Sporcle, you need to verify the email address you used during registration. Go to your Sporcle Settings to finish the process.

Report this User

Report this user for behavior that violates our Community Guidelines.

Details: